000 00685nam a22002177a 4500
999 _c6232
_d6232
003 AR-CdUCM
008 190314b ||||| |||| 00| 0 spa d
040 _aMUNICIPALIDAD PROVINCIAL DEL CUSCO
_cBIBLIOTECA MUNICIPAL DEL CUSCO
082 _a899.56 /
_bE78
100 _aEscalante G., Carmen
_917956
245 _aPavesas /
260 _aCusco :
_bCasa departamental de la cultura de Cusco,
_c1969.
300 _a52 páginas ;
_bIlustraciones,
_c16 cm.
500 _aDonación familia Nieto
505 _aContenido: Poemas cusqueños.
650 _aPoemas cusqueños
_917957
650 _aVersos cusqueñistas
_917958
650 _aPerú
_935
942 _2ddc
_cLIBROS
945 _adavv